| 000 | 00543nam a2200181 a 4500 | ||
|---|---|---|---|
| 001 | 000016632 | ||
| 005 | 20200929164935.0 | ||
| 008 | 100308s1989 dr a 000 0 spa d | ||
| 040 | _aDO-SdBNP | ||
| 082 |
_axxx _bR763g |
||
| 100 | 1 |
_aRomero Gómez, Pericles de Jesús _936939 |
|
| 245 | 1 | 0 |
_aGeometría plana / _cPericles de Jesús Romero Gómez. |
| 250 | _a2da. ed. | ||
| 260 |
_aSanto Domingo : _bAlfa y Omega, _c1989. |
||
| 300 |
_a320 p. : _bil. ; _c21 cm. |
||
| 504 | _aIncluye referencias bibliográficas (p. 309-312) | ||
| 049 | _aBNPD | ||
| 999 |
_c16165 _d16165 |
||